Measure for measure / (Record no. 5650)

MARC details
000 -LEADER
fixed length control field 00649nam a22002177a 4500
001 - CONTROL NUMBER
control field 5650
003 - CONTROL NUMBER IDENTIFIER
control field FISKH
005 - DATE AND TIME OF LATEST TRANSACTION
control field 20250121085959.0
008 - FIXED-LENGTH DATA ELEMENTS--GENERAL INFORMATION
fixed length control field 250109b cb ||||| |||| 00| 0 eng d
020 ## - INTERNATIONAL STANDARD BOOK NUMBER
International Standard Book Number 0782615015
040 ## - CATALOGING SOURCE
Original cataloging agency FISKH
Language of cataloging eng
Transcribing agency FISKH
Modifying agency FISKH
050 ## - LIBRARY OF CONGRESS CALL NUMBER
Classification number QA135.5
100 ## - MAIN ENTRY--PERSONAL NAME
Personal name Madison, Wisconsin
245 ## - TITLE STATEMENT
Title Measure for measure /
Statement of responsibility, etc. by U. of Wisconsin-Madison
260 ## - PUBLICATION, DISTRIBUTION, ETC.
Place of publication, distribution, etc. Chicago :
Name of publisher, distributor, etc. Encyclopaedia Britannica Educational Corporation ;
Date of publication, distribution, etc. 1997.
300 ## - PHYSICAL DESCRIPTION
Extent 41 pages :
Other physical details illustrations ;
Dimensions 28 cm .
490 ## - SERIES STATEMENT
Series statement Mathematics in context
520 ## - SUMMARY, ETC.
Summary, etc. Third grade math concepts & practice.
942 ## - ADDED ENTRY ELEMENTS (KOHA)
Source of classification or shelving scheme Dewey Decimal Classification
Koha item type Books
Suppress in OPAC No
Holdings
Withdrawn status Lost status Source of classification or shelving scheme Damaged status Not for loan Collection Home library Current library Shelving location Date acquired Total Checkouts Full call number Barcode Date last seen Price effective from Koha item type
    Dewey Decimal Classification     Non-Fiction Footprints International School Library Network Toul Kork Campus Footprints International School Library Network Toul Kork Campus TTP Secondary Non-Fiction Bookshelves 01/09/2025   MAD QA135.5 2025-0008 01/09/2025 01/09/2025 Books